共立リゾート - Statistics

General Stats
  • This quiz has been taken 14 times
  • The average score is 18 of 44
Answer Stats
都道府県 所在地 店舗名 % Correct
函館 ラビスタ函館ベイ
100%
函館 ラビスタ函館ベイ ANNEX
100%
阿寒 ラビスタ阿寒川
77%
長野 軽井沢 ルシアン 旧軽井沢
77%
軽井沢 ドーミー倶楽部 軽井沢
77%
宮城 鳴子温泉 鳴子温泉 湯元 吉祥
69%
那須 モンゴリアビレッジ テンゲル
69%
群馬 草津 ラビスタ 草津ヒルズ
62%
草津 湯宿 季の庭
62%
草津 お宿 木の葉
62%
北海道 定山渓温泉 定山渓 ゆらく草庵
54%
那須塩原 塩の湯温泉 蓮月
54%
伊東 ウェルネスの森 伊東
54%
伊東 淘心庵 米屋
54%
静岡 熱海 ラビスタ 伊豆山
46%
修善寺 湯回廊 菊屋
46%
修善寺 修善寺温泉 桂川
46%
京都 嵐山 京都 嵐山温泉 花伝抄
46%
兵庫 城崎 城崎 円山川温泉 銀花
46%
鹿児島 霧島 ラビスタ霧島ヒルズ
46%
神奈川 観音崎 ラビスタ観音崎テラス
38%
山梨 富士河口湖 ラビスタ 富士河口湖
38%
高山 飛騨花里の湯 高山桜庵
38%
新潟 越後湯沢 湯けむりの宿 雪の花
31%
箱根湯本 月の宿 紗ら
31%
強羅 季の湯 雪月花
31%
強羅 雪月花別邸 翠雲
31%
石川 和倉温泉 白鷺の湯 能登 海舟
31%
梅小路 京都 梅小路 花伝抄
31%
栃木 那須高原 ウェルネスの森 那須
23%
小涌谷 水の音
23%
伊豆高原 杜の湯 きらの里
23%
三重 伊勢 いにしえの宿 伊久
23%
和歌山 南紀白浜 浜千鳥の湯 海舟
23%
島根 出雲 いにしえの宿 佳雲
23%
出雲 お宿 月夜のうさぎ
23%
香川 琴平 御宿 敷島館
23%
岐阜 平湯温泉 匠の宿 深山桜庵
15%
平湯温泉 湯めぐりの宿 平湯館
15%
東京 豊洲 ラビスタ東京ベイ
8%
白川郷 天然温泉 ゆるりの湯 御宿 結の庄
8%
沖縄 北谷 ザ・ビーチタワー沖縄
8%
旭岳温泉 ラビスタ大雪山
0%
秋田 秋の宮温泉郷 湯けむりの宿 稲住温泉
0%
No matching quizzes found
Score Distribution
Percent of People with Each Score
Percentile by Number Answered
Your Score History
You have not taken this quiz